Credit Risk Management (Record no. 10241)

MARC details
000 -LEADER
fixed length control field 00265nam a2200121Ia 4500
008 - FIXED-LENGTH DATA ELEMENTS--GENERAL INFORMATION
fixed length control field 221030s9999 xx 000 0 und d
082 ## - DEWEY DECIMAL CLASSIFICATION NUMBER
Classification number 105.23
245 #0 - TITLE STATEMENT
Title Credit Risk Management
260 ## - PUBLICATION, DISTRIBUTION, ETC. (IMPRINT)
Name of publisher JK Bank
Year of publication 2008
300 ## - PHYSICAL DESCRIPTION
Number of Pages 80
650 ## - SUBJECT ADDED ENTRY--TOPICAL TERM
Topical Term Management
942 ## - ADDED ENTRY ELEMENTS (KOHA)
Koha item type Thesis
Holdings
Accession Number Full call number Price effective from Koha item type Withdrawn / writtenoff status Damaged status Not for loan Permanent Location Current Location Shelving location Date acquired Lost/ Missing status department
STR/331/08 105.23 10/30/2022 Thesis       MIET Library, Jammu MIET Library, Jammu BL-Academic Block B, FL-2, CUP-139, SH-3, R-3 05/07/2012   MBA